<?xml version="1.0" encoding="UTF-8"?>
<record
    xmlns:xsi="http://www.w3.org/2001/XMLSchema-instance"
    xsi:schemaLocation="http://www.loc.gov/MARC21/slim http://www.loc.gov/standards/marcxml/schema/MARC21slim.xsd"
    xmlns="http://www.loc.gov/MARC21/slim">

  <leader>01310na  a2200277   4500</leader>
  <controlfield tag="001">16276</controlfield>
  <controlfield tag="003">MIRAKIL</controlfield>
  <controlfield tag="005">20181213154952.0</controlfield>
  <controlfield tag="008">161003b        tu            000 0      </controlfield>
  <datafield tag="035" ind1=" " ind2=" ">
    <subfield code="a">16276</subfield>
  </datafield>
  <datafield tag="040" ind1=" " ind2=" ">
    <subfield code="a">Milas</subfield>
    <subfield code="b">tur</subfield>
    <subfield code="c">TR-AnCHP</subfield>
  </datafield>
  <datafield tag="041" ind1=" " ind2=" ">
    <subfield code="a">tur</subfield>
  </datafield>
  <datafield tag="082" ind1=" " ind2=" ">
    <subfield code="a">346.0820263</subfield>
    <subfield code="b">B25b 2002</subfield>
  </datafield>
  <datafield tag="090" ind1=" " ind2=" ">
    <subfield code="a">346.0820263 B25b 2002</subfield>
  </datafield>
  <datafield tag="111" ind1=" " ind2=" ">
    <subfield code="a">Bankalar Mevzuat&#x131;ndaki Son De&#x11F;i&#x15F;iklikler ile Ba&#x11F;&#x131;ms&#x131;z Denetim Esaslar&#x131; ve Uygulamalar&#x131;</subfield>
    <subfield code="c">Ankara</subfield>
    <subfield code="d">2002</subfield>
  </datafield>
  <datafield tag="245" ind1=" " ind2=" ">
    <subfield code="a">Bankalar mevzuat&#x131;ndaki son de&#x11F;i&#x15F;iklikler ile ba&#x11F;&#x131;ms&#x131;z denetim esaslar&#x131; ve uygulamalar&#x131;</subfield>
    <subfield code="b">02 Nisan 2002 Hilton-Ankara</subfield>
    <subfield code="c">[d&#xFC;zenleyen] T&#xDC;RMOB</subfield>
  </datafield>
  <datafield tag="246" ind1=" " ind2=" ">
    <subfield code="a">Bankalar mevzuat&#x131;ndaki son de&#x11F;i&#x15F;iklikler ile ba&#x11F;&#x131;ms&#x131;z denetim esaslar&#x131; ve uygulamalar&#x131;</subfield>
  </datafield>
  <datafield tag="260" ind1=" " ind2=" ">
    <subfield code="a">Ankara</subfield>
    <subfield code="b">T&#xFC;rkiye Serbest Muhasebeci Mali M&#xFC;&#x15F;avirler ve Yeminli Mali M&#xFC;&#x15F;avirler Odalar&#x131; Birli&#x11F;i (T&#xDC;RMOB)</subfield>
    <subfield code="c">2002</subfield>
  </datafield>
  <datafield tag="300" ind1=" " ind2=" ">
    <subfield code="a">122 s.</subfield>
    <subfield code="b">fot&#x11F;.</subfield>
    <subfield code="c">24 sm.</subfield>
  </datafield>
  <datafield tag="490" ind1=" " ind2=" ">
    <subfield code="a">T&#xDC;RMOB yay&#x131;nlar&#x131;</subfield>
    <subfield code="v">180</subfield>
  </datafield>
  <datafield tag="650" ind1=" " ind2=" ">
    <subfield code="a">Bankac&#x131;l&#x131;k hukuku</subfield>
    <subfield code="x">Toplant&#x131;lar</subfield>
    <subfield code="z">T&#xFC;rkiye</subfield>
  </datafield>
  <datafield tag="650" ind1=" " ind2=" ">
    <subfield code="a">Bankalar ve bankac&#x131;l&#x131;k</subfield>
    <subfield code="x">Devlet denetimi</subfield>
    <subfield code="y">Toplant&#x131;lar</subfield>
    <subfield code="z">T&#xFC;rkiye</subfield>
  </datafield>
  <datafield tag="650" ind1=" " ind2=" ">
    <subfield code="a">Bankalar ve bankac&#x131;l&#x131;k</subfield>
    <subfield code="x">Hukuk ve mevzuat</subfield>
    <subfield code="y">Toplant&#x131;lar</subfield>
    <subfield code="z">T&#xFC;rkiye</subfield>
  </datafield>
  <datafield tag="710" ind1=" " ind2=" ">
    <subfield code="a">T&#xFC;rkiye Serbest Muhasebeci Mali M&#xFC;&#x15F;avirler ve Yeminli Mali M&#xFC;&#x15F;avirler Odalar&#x131; Birli&#x11F;i (T&#xDC;RMOB)</subfield>
  </datafield>
  <datafield tag="942" ind1=" " ind2=" ">
    <subfield code="2">ddc</subfield>
    <subfield code="c">BKS</subfield>
  </datafield>
  <datafield tag="952" ind1=" " ind2=" ">
    <subfield code="a">0001</subfield>
    <subfield code="b">0001</subfield>
    <subfield code="d">2016-10-02</subfield>
    <subfield code="e">2</subfield>
    <subfield code="l">0</subfield>
    <subfield code="o">346.0820263 B25b 2002</subfield>
    <subfield code="p">005166</subfield>
    <subfield code="r">2016-10-02 00:00:00</subfield>
    <subfield code="v">0.00</subfield>
    <subfield code="w">2016-10-02</subfield>
    <subfield code="y">BKS</subfield>
  </datafield>
  <datafield tag="952" ind1=" " ind2=" ">
    <subfield code="a">0001</subfield>
    <subfield code="b">0001</subfield>
    <subfield code="d">2016-10-02</subfield>
    <subfield code="e">2</subfield>
    <subfield code="l">0</subfield>
    <subfield code="o">346.0820263 B25b 2002</subfield>
    <subfield code="p">005167</subfield>
    <subfield code="r">2016-10-02 00:00:00</subfield>
    <subfield code="t">k.2</subfield>
    <subfield code="v">0.00</subfield>
    <subfield code="w">2016-10-02</subfield>
    <subfield code="y">BKS</subfield>
  </datafield>
  <datafield tag="999" ind1=" " ind2=" ">
    <subfield code="c">4072</subfield>
    <subfield code="d">4072</subfield>
  </datafield>
</record>
